| 000 | 02235nac a22003251i 4500 | ||
|---|---|---|---|
| 003 | EG-ScBUE | ||
| 005 | 20230710094815.0 | ||
| 008 | 230710s2004 enk f b 001 0 eng d | ||
| 020 | _a0745321690 (pbk.) | ||
| 040 |
_aEG-ScBUE _beng _erda _cEG-ScBUE _dEG-ScBUE |
||
| 082 | 0 | 4 |
_a909.0974927 _bRAB _222 |
| 100 | 1 |
_aAbu-Rabiʻ, Ibrahim M., _eauthor. |
|
| 245 | 1 | 0 |
_aContemporary Arab thought : _bstudies in post-1967 Arab intellectual history / _cIbrahim M. Abu-Rabiʻ. |
| 264 | 1 |
_aLondon : _bPluto Press, _c2004. |
|
| 300 |
_axvii, 485 pages ; _c24 cm |
||
| 336 |
_2rdacontent _atext _btxt |
||
| 337 |
_2rdamedia _aunmediated _bn |
||
| 338 |
_2rdacarrier _avolume _bnc |
||
| 504 | _aIncludes bibliographical references and index. | ||
| 505 | 0 | _aThe scope and limitation of post-1967 Arab thought -- Contemporary Arab intellectual trends -- Secularism and its hazards : the recent debate in the Arab world -- Contemporary Arab philosophical views of secularism -- Formation of contemporary identities : nationalism and Islamism in contemporary Arab thought -- Traditional values, social change and the contemporary Arab personality -- Globalization : a contemporary Islamic response? -- Contemporary Arab thought and globalization -- Rāshid Ghannūshī and the questions of Sharīʻah and civil society -- Muslim self-criticism in contemporary Arab thought : the case of Shaykh Muḥammad al-Ghazālī -- Islam and Muslims in crisis -- Toward a critical Arab reason : the contributions of Muḥammad ʻĀbid al-Jābīrī -- Towards modern Arab reason -- Costantine Zurayk and the search for Arab nationalism -- Mahdī ʻĀmil and the unfinished project of Arab marxist philosophy -- Abdallah Laroui : from objective marxism to liberal etatism. | |
| 650 | 7 |
_aArab nationalism. _2BUEsh |
|
| 650 | 7 |
_aSecularism _zArab countries. _2BUEsh |
|
| 650 | 7 |
_aIslamic renewal. _2BUEsh |
|
| 650 | 7 |
_aIslam and politics _zArab countries. _2BUEsh |
|
| 650 | 7 |
_aGlobalization. _2BUEsh |
|
| 651 | 7 |
_aArab countries _xIntellectual life _y20th century. _2BUEsh |
|
| 655 | _vReading book | ||
| 856 | 4 | 1 |
_3Table of contents _uhttp://www.loc.gov/catdir/toc/ecip043/2003010260.html |
| 942 |
_cBB _2ddc |
||
| 999 |
_c8774 _d8774 |
||